000 00666nam a2200193Ia 4500
003 LDD
008 190117s9999 xx 000 0 und d
020 _a8171380646
_c₹150
040 _cLDD
041 _ahi
082 _a8H3.7 ना1664आ
100 _aनागर, विष्णु
245 0 _aआदमी स्वर्ग में (Aadmi swarg mein)
_cविष्णु नागर
260 _aनई दिल्ली
_bसामाजिक प्रकाशन
_c2004
300 _a160पृ.
901 _aVANI
904 _aReqst by : Parakh, Jawarimal (Dr.)
942 _2ddc
_cH
999 _c162198
_d162198